| 000 | 00665nam a2200217Ia 4500 | ||
|---|---|---|---|
| 999 |
_c36639 _d36639 |
||
| 001 | 2559 | ||
| 003 | GE_BSU | ||
| 005 | 20190522180901.0 | ||
| 008 | 181216s1973||||ge |||||||||||||| ||geo|| | ||
| 040 | _cGE_BSU | ||
| 041 | _ageo | ||
| 080 | _a94(44)(092) ლ–36 | ||
| 100 |
_aლევანდოვსკი, ა. _91508 |
||
| 245 | _aჟანა დარკი. | ||
| 264 |
_aთბილისი : _bნაკადული, _c1973. |
||
| 300 |
_a286 გვ.; _b20სმ. |
||
| 490 | _aგამოჩენილ ადამიანთა ცხოვრება | ||
| 541 | _h12ლ. | ||
| 653 | _aჟანა დარკი | ||
| 942 |
_cBK _2udc |
||